000 00268nam a22001217a 4500
999 _c32220
_d32220
003 Nust
005 20170206113323.0
008 170206b xxu||||| |||| 00| 0 eng d
020 _a 1-593-394284
040 _cc
082 _a032
100 _a Britannica
245 _aENCYCLOPAEADIA BRITANNICA WORLD ATLAS
260 _aLondon
_bBritannica
_c2008.
300 _a365 p. ;
500 _aHardcover.
942 _cBK
_2ddc